| 000 | 00508nam a22001937a 4500 | ||
|---|---|---|---|
| 003 | OSt | ||
| 005 | 20210423055928.0 | ||
| 008 | 210222s2002 ||||| |||| 00| 0 eng d | ||
| 040 |
_aeng _beng _cDLC |
||
| 041 | _aeng | ||
| 080 |
_a336 _bE-41 |
||
| 100 |
_91070 _aEisemann, Peter |
||
| 245 |
_aFinancial System / Articles Revised _c/ by: Custom Coursepack |
||
| 260 |
_bCustom Coursepack _c2002 |
||
| 300 |
_a59 p. _bill. |
||
| 650 | 0 |
_9454 _aFinances |
|
| 653 | _aფინანსები | ||
| 942 |
_2udc _cBK |
||
| 999 |
_c1653 _d1653 |
||